Memorias / (Record no. 89274)

MARC details
000 -LEADER
campo de control de longitud fija 00645nam a2200205 i 4500
001 - NÚMERO DE CONTROL
campo de control 89274
003 - IDENTIFICADOR DE NÚMERO DE CONTROL
campo de control ES-MaACL
005 - FECHA Y HORA DE LA ÚLTIMA TRANSACCIÓN
campo de control 20250929063139.0
007 - CAMPO FIJO DE DESCRIPCIÓN FÍSICA--INFORMACIÓN GENERAL
campo de control de longitud fija t|
008 - DATOS DE LONGITUD FIJA--INFORMACIÓN GENERAL
campo de control de longitud fija 050105s1919 sp ||||1| spa d
100 1# - ENTRADA PRINCIPAL--NOMBRE DE PERSONA
Nombre de persona La Rochefoucauld, François,
Títulos y otros términos asociados al nombre duc de
9 (RLIN) 138636
245 10 - MENCIÓN DEL TÍTULO
Título Memorias /
Mención de responsabilidad, etc. La Rochefoucauld ; traducción por Cipriano Rivas Cherif.
260 ## - PUBLICACIÓN, DISTRIBUCIÓN, ETC.
Lugar de publicación, distribución, etc. Madrid :
Nombre del editor, distribuidor, etc. Calpe,
Fecha de publicación, distribución, etc. 1919.
300 ## - DESCRIPCIÓN FÍSICA
Extensión 297 p. ;
Dimensiones 16 cm.
490 1# - MENCIÓN DE SERIE
Mención de serie Universal ;
Designación de volumen o secuencia 11, 13
700 1# - ENTRADA AGREGADA--NOMBRE PERSONAL
Nombre de persona Rivas Cherif, Cipriano de,
Fechas asociadas al nombre 1891-1967
9 (RLIN) 97572
830 0# - PUNTO DE ACCESO ADICIONAL DE SERIE-TÍTULO UNIFORME
Título uniforme Universal ;
Designación de volumen o secuencia 11, 13
9 (RLIN) 189185
852 ## - LOCALIZACIÓN
Ubicación ES-MaACL
Número de control de estantería A-10301
Sublocalización o colección R.98300
Holdings
Estatus retirado Estado de pérdida Estado de daño No para préstamo Biblioteca de origen Biblioteca actual Ubicación en estantería Fecha de adquisición Fuente de adquisición Total de préstamos Signatura topográfica completa Código de barras Visto por última vez Precio de reemplazo Tipo de ítem Koha
        Biblioteca del Ateneo de Madrid Biblioteca del Ateneo de Madrid Depósito 1 17/01/2008     A-10301 1093236 23/02/2023 23/02/2023 Libro impreso